Vista normal
Vista MARC
Entrada Materia (geográfica)
Número de registros utilizados en: 1
001 - CONTROL NUMBER
- control field: 102102
003 - CONTROL NUMBER IDENTIFIER
- control field: Co-BoUCM
005 - DATE AND TIME OF LATEST TRANSACTION
- control field: 20210129074516.0
008 - FIXED-LENGTH DATA ELEMENTS
- fixed length control field: 210129|| aca||aabn | a|a d
040 ## - CATALOGING SOURCE
- Original cataloging agency: Co-BoUCM
- Transcribing agency: Co-BoUCM
151 ## - HEADING--GEOGRAPHIC NAME
- Geographic name: Extremo Oriente
- General subdivision: Relaciones económicas exteriores
670 ## - SOURCE DATA FOUND
- Source citation: Work cat.: (Co-BoUCM)318280: Wan, Ming 101600, The political economy of east asia, 2020